Význam aktívnych opatrení na trhu práce pri riešení nezamestnanosti bakalárska práca

Enregistré dans:
Détails bibliographiques
Auteur principal: Sovičová, Petra
Collectivité auteur: Národohospodárska fakulta EU. Katedra sociálneho rozvoja a práce
Autres auteurs: Kolláriková, Tímea
Format: Livre
Langue:slovaque
Publié: Bratislava 2013
Tags: Ajouter un tag
Pas de tags, Soyez le premier à ajouter un tag!

MARC

LEADER 00000nbm a2200000 4500
001 0172635
005 20161109112107.1
041 0 |a slo 
044 |a SK 
245 1 0 |a Význam aktívnych opatrení na trhu práce pri riešení nezamestnanosti  |b bakalárska práca  |c Petra Sovičová ; školiteľ: Tímea Kolláriková 
264 1 |a Bratislava  |c 2013 
300 |a 64 s. 
100 1 |a Sovičová, Petra 
700 1 |a Kolláriková, Tímea 
710 2 |a Národohospodárska fakulta EU. Katedra sociálneho rozvoja a práce